Rast stojí na exporte, zabrať by mali investície

V prvom štvrťroku 2003 ťahal slovenskú ekonomiku zahraničný dopyt. Slabý domáci dopyt. Rast cien, inflácie, pokles miezd. HDP slovenskej ekonomiky. Pokles investícií. Rast slovenskej ekonomiky je najrýchlejší v regióne V-4. Prognózy rastu.

Gespeichert in:
Bibliographische Detailangaben
1. Verfasser: Apolen, Peter
Format: Buchkapitel
Sprache:Slowakisch
Schlagworte:
Tags: Tag hinzufügen
Keine Tags, Fügen Sie das erste Tag hinzu!

MARC

LEADER 00000naa a2200000 4500
001 r049149
005 20230921115138.4
041 0 |a slo 
044 |a SK 
245 1 0 |a Rast stojí na exporte, zabrať by mali investície  |c Peter Apolen 
520 |a V prvom štvrťroku 2003 ťahal slovenskú ekonomiku zahraničný dopyt. Slabý domáci dopyt. Rast cien, inflácie, pokles miezd. HDP slovenskej ekonomiky. Pokles investícií. Rast slovenskej ekonomiky je najrýchlejší v regióne V-4. Prognózy rastu. 
610 2 0 |a rast hospodársky 
610 2 0 |a vývoz 
610 2 0 |a dopyt domáci 
610 2 0 |a ceny 
610 2 0 |a inflácia 
610 2 0 |a spotreba obyvateľstva 
610 2 0 |a mzdy 
610 2 0 |a produkt domáci hrubý 
610 2 0 |a investície 
610 2 0 |a Slovensko 
610 2 0 |a Vyšehradská štvorka 
100 1 |a Apolen, Peter